Szczegóły MARC21

Social statistics for a diverse society /

005 -DATA I CZAS OSTATNIEJ MODYFIKACJI [,]
    • @
    • pole kontrolne
    • 20141008125411.0
020 -Międzynarod. znormalizowany nr książki - ISBN [ , ]
    • a
    • Numer ISBN
    • 9781412992534 Find
040 -Instytucja sporządzająca opis [ , ]
    • a
    • Instytucja, która sporządziła opis (NP)
    • SZCZ U/JG
    • c
    • Instytucja, która sporządziła rekord (NP)
    • SZCZ U/JG
    • d
    • Instytucja, która zmodyfikowała rekord (P)
    • SZCZ U/JŚ
041 -Język dokumentu [0, ]
    • a
    • Język tekstu (P)
    • angielski
044 -Kraj miejsca wydania [ , ]
    • a
    • Kraj miejsca wydania
    • us
942 -Rodzaj dokumentu [ , ]
    • c
    • Rodzaj dokumentu
    • Książka
100 -Hasło główne - nazwa osobowa [1, ]
    • 9
    • KHW
    • 53798
    • a
    • Nazwa osobowa (NP)
    • Frankfort-Nachmias, Chava.
245 -Strefa tytułu i oznaczenia odpowiedzialności [1,0]
    • a
    • Tytuł
    • Social statistics for a diverse society / Find
    • c
    • Pozostałe elementy strefy tytułu i oznaczenia odpowiedzialności (NP)
    • Chava Frankfort-Nachmias, Anna Leon-Guerrero.
250 -Strefa wydania [ , ]
    • a
    • Oznaczenie wydania (NP)
    • 6th ed.
260 -Strefa adresu wydawniczego [ , ]
    • a
    • Miejsce wydania (P)
    • Thousand Oaks [etc.] :
    • b
    • Nazwa wydawcy (P)
    • Pine Forge,
    • c
    • Data wydania (P)
    • cop. 2011.
300 -Strefa opisu fizycznego [ , ]
    • a
    • Określenie formy książki i/lub objętość (NP)
    • XXI, 574 s. :
    • b
    • Oznaczenie ilustracji (NP)
    • il. ;
    • c
    • Format (NP)
    • 23 cm.
504 -Uwaga dot. bibliogr. załącznikowej [ , ]
    • a
    • Uwaga dot. bibliografii załącznikowej
    • Indeks.
080 -Uniwersalna Klasyfikacja Dziesiętna [ , ]
    • 2
    • Identyfikator wydania tablic
    • UDC-P058
    • 9
    • UKD
    • 2708
    • a
    • Symbol klasyfikacji
    • 303.2
    • b
    • Dopowiedzenie
    • Teoria i techniki pomiaru w naukach społecznych. Zastosowanie metod matematycznych i statystycznych w naukach społecznych. Socjologia matematyczna. Wskaźniki społeczne.
    • 4
    • UKD2
    • 7644
    • x
    • Poddział wspólny
    • =111
    • c
    • Dopowiedzenie poddz. wspólnego
    • =Język angielski.
980 -Symbol UKD [ , ]
    • a
    • UKD
    • 303.2=111
700 -Hasło dodatkowe - nazwa osobowa [1, ]
    • 9
    • KHW
    • 74622
    • a
    • Nazwa osobowa (NP)
    • Leon-Guerrero, Anna. Find
710 -Hasło dodatkowe - nazwa ciała zbiorowego [2, ]
    • 9
    • KHW
    • 69398
    • a
    • Nazwa ciała zbiorowego lub nazwa geograficzna jako pierwszy element (NP)
    • Pine Forge Press.
    • 4
    • Kod relacji
    • pbl
920 -ISBN [ , ]
    • a
    • ISBN
    • 978-1-4129-9253-4 (pbk.) Find
Sygnatura Numer inwentarzowy Status udost. Lokalizacja Data inwentaryzacji
T.16107T.16107-2T2014-04-11